Pokémon Letter "K" for each type - Statistics

General Stats
  • This quiz has been taken 9 times
  • The average score is 12 of 15
Answer Stats
Type Pokémon % Correct
Rock Kabuto|Kabutops|Klawf|Kleavor
100%
Bug Kakuna|Karrablast|Kleavor|Kricketot|Kricketune
100%
Water Kabuto|Kabutops|Keldeo|Kingdra|Kingler|Krabby|Kyogre
88%
Psychic Kadabra|Kirlia
88%
Normal Kangaskhan|Kecleon|Komala
88%
Fighting Keldeo|Kommo-o|Koraidon|Kubfu
88%
Dragon Kingdra|Kommo-o|Koraidon|Kyurem
88%
Fairy Kirlia|Klefki
88%
Poison Kakuna|Koffing
75%
Steel Kartana|Kingambit|Klang|Klefki|Klink|Klinklang
75%
Flying/Electric Kilowattrel
75%
Dark Kingambit|Krokorok|Krookodile
75%
Ice Kyurem
75%
Grass Kartana
63%
Ground Krokorok|Krookodile
50%
No matching quizzes found
Score Distribution
Percent of People with Each Score
Percentile by Number Answered
Your Score History
You have not taken this quiz